000 00827cam a2200277 4500
001 18610
003 BD-RjUL
005 20211209000317.0
008 140220s1969 enkcfh 001 0 eng
020 _a0582484421
035 _a(BD-RjUL)18668
040 _aDLC
_cDLC
_dDLC
_dBD-RjUL
_beng
041 _aeng
082 0 0 _a823.9
_bTEP 1969
100 1 _aTennyson, Alfred Tennyson.
_d1809-1892.
_957323
245 1 4 _aThe poems of Tennyson /
_cedited by Christopher Ricks.
260 _aHarlow :
_bLongmans,
_cc1969.
300 _axxxiv, 1835 p. :
_b3 plates, facsim., 2 ports. ;
_c22 cm.
490 0 _aLongmans' annotated English poets
504 _aIncludes Index.
650 _aFictions.
_93591
700 1 _aRicks, Christopher,
_d1933-
_eed.
_957324
942 _2ddc
_cBK
999 _c18610
_d18610